| 000 | 00717nam a22002177a 4500 | ||
|---|---|---|---|
| 001 | sjds170147 | ||
| 003 | sjds | ||
| 005 | 20170718154123.0 | ||
| 008 | 170718b pr||||| |||| 00| 0 spa d | ||
| 020 | _a9781563281464 (pbk.) | ||
| 040 | _csjds | ||
| 041 | _aspa | ||
| 100 | _aOnieva Morales, Juan Luis | ||
| 245 |
_aComprensión y expresión de textos en español : _btaller de textos / _cJuan Luis Onieva |
||
| 260 |
_aPuerto Rico : _bEditorial.Plaza Mayor, _c 2010, c1999 |
||
| 300 |
_a298 pages : _c27 cm |
||
| 500 | _aAuthor's name on cover varies: Juan Luis Onieva Morales | ||
| 650 | 0 |
_aSpanish language _xGrammar _vTextbooks |
|
| 650 | 0 |
_aSpanish language _vProblems, exercises, etc. |
|
| 942 |
_2ddc _cBK |
||
| 999 |
_c18598 _d18598 |
||